El juego en el proceso de aprendizaje : Capacitación y perfeccionamiento docente /

Saved in:
Format: Book
Published: Buenos Aires : Stella, 2004.
LEADER 00454nam a22001097a 4500
003 AR-BeUNQ
005 20251024200414.0
999 |c 39619  |d 123419 
245 |a El juego en el proceso de aprendizaje :  |b Capacitación y perfeccionamiento docente /  |c María Azucena Gandulfo de Granato, Marta Raquel Taulamet de Rotelli, Ester Lafont Batista. 
260 |a Buenos Aires :  |b Stella,  |c 2004. 
929 |a DONACION  |b María Esther Walas  |e 20250715  |f PAT0084421  |g 3805  |l Caja 30  |o PR 
942 |c LIB